BURNLEY GOALSCORERS 2024/25 SO FAR - Statistics

General Stats
  • This quiz has been taken 14 times
  • The average score is 15 of 17
Answer Stats
Goals Player % Correct
3 Jaidon Anthony
100%
2 Jay Rodriguez
100%
9 Josh Brownhill
100%
1 Josh Cullen
100%
2 Josh Laurent
100%
1 Zeki Amdouni
100%
7 Zian Flemming
100%
1 Bashir Humphreys
86%
1 CJ Egan-Riley
86%
1 Connor Roberts
86%
1 Dara O'Shea
86%
1 Johann Berg Gudmundsson
86%
2 Luca Koleosho
86%
1 Lyle Foster
86%
1 Wilson Odobert
86%
2 Jeremy Sarmiento
71%
1 Vitinho
71%
No matching quizzes found
Score Distribution
Percent of People with Each Score
Percentile by Number Answered
Your Score History
You have not taken this quiz